000 00303nam a2200121Ia 4500
005 20251222154313.0
008 251222s9999||||xx |||||||||||||| ||spa||
020 _a978-612-45331-0-5
082 _a662.88/T75
100 _a"Torres Zorrilla, Jorge"
245 0 _aBiocombustibles en el PerĂº
942 _cLIB
999 _c33455
_d33455